000 00567nam a2200229Ia 4500
003 OSt
005 20220928143725.0
006 a|||||r|||| 00| 0
007 ta
008 220927b |||||||| |||| 00| 0 eng d
024 _a23055
037 _cTextual
040 _aSDCL
_cSDCL
_beng
041 _2eng
_aeng
082 _aC52, N7
100 _aRozzi T
_9446106
245 0 _aOpen electromagnetics waveguides.
260 _c1997
700 _a Mongiardo M
_9446107
942 _hC52, N7
_cTEXL
_2CC
999 _c825001
_d825001